LEADER 00636nam0-2200229 --450 001 9911023678903321 005 20250912101451.0 100 $a20250912d1995----kmuy0itay5050 ba 101 0 $afre 102 $aFR 105 $a 001yy 200 1 $aHommage a Guillaume Cardascia 210 $aNanterre$cUniversite Paris X$d1995 215 $a293 p.$d25 cm 702 1$aCardascia,$bGuillaume 801 0$aIT$bUNINA$gREICAT$2UNIMARC 901 $aBK 912 $a9911023678903321 952 $aFONDO PROFESSOR ANTONIO GUARINO ONOR. C 6$bG/3069$fFGBC 959 $aFGBC 996 $aHommage a Guillaume Cardascia$94434720 997 $aUNINA